Ciudades sudamericanas con Metro/Subte - Estadísticas

Estadísticas generales
  • Esta prueba ha sido intentada 48 veces
  • La puntuación promedio es 11 de 17
Estadísticas de respuestas
Respuesta % Correcto
Buenos Aires
100%
Caracas
97%
Brasilia
95%
Lima
95%
Rio de Janeiro
95%
Santiago
95%
Sao Paulo
95%
Medellin
87%
Quito
76%
Recife
53%
Belo Horizonte
50%
Porto Alegre
42%
Salvador
42%
Fortaleza
39%
Maracaibo
29%
Valencia
21%
Los Teques
11%
No se encontraron pruebas coincidentes
Distribución de puntuación
Porcentaje de gente con cada puntuación
Porcentaje por número respondido
Historial de tus puntuaciones
No has intentado esta prueba.